El último verano de Klingsor y otras narraciones / (Record no. 80003)

MARC details
000 -LEADER
campo de control de longitud fija 00651nam a2200193 i 4500
001 - NÚMERO DE CONTROL
campo de control 80003
003 - IDENTIFICADOR DE NÚMERO DE CONTROL
campo de control ES-MaACL
005 - FECHA Y HORA DE LA ÚLTIMA TRANSACCIÓN
campo de control 20250930063103.0
007 - CAMPO FIJO DE DESCRIPCIÓN FÍSICA--INFORMACIÓN GENERAL
campo de control de longitud fija t|
008 - DATOS DE LONGITUD FIJA--INFORMACIÓN GENERAL
campo de control de longitud fija 041026s1973 sp ||||1| spa d
100 1# - ENTRADA PRINCIPAL--NOMBRE DE PERSONA
Nombre de persona Hesse, Hermann,
Fechas asociadas al nombre 1877-1962
9 (RLIN) 63472
245 13 - MENCIÓN DEL TÍTULO
Título El último verano de Klingsor y otras narraciones /
Mención de responsabilidad, etc. Hermann Hesse ; prólogo de José María Carandell ; [traducción: Ester Berenguer].
260 ## - PUBLICACIÓN, DISTRIBUCIÓN, ETC.
Lugar de publicación, distribución, etc. Barcelona :
Nombre del editor, distribuidor, etc. Planeta,
Fecha de publicación, distribución, etc. [1973]
300 ## - DESCRIPCIÓN FÍSICA
Extensión 210 p. ;
Dimensiones 21 cm.
700 1# - ENTRADA AGREGADA--NOMBRE PERSONAL
Nombre de persona Carandell, José María.
9 (RLIN) 34957
700 1# - ENTRADA AGREGADA--NOMBRE PERSONAL
Nombre de persona Berenguer, Ester.
9 (RLIN) 27881
852 ## - LOCALIZACIÓN
Ubicación ES-MaACL
Número de control de estantería C-52525
Sublocalización o colección R.85522
Holdings
Estatus retirado Estado de pérdida Estado de daño No para préstamo Biblioteca de origen Biblioteca actual Ubicación en estantería Fecha de adquisición Fuente de adquisición Total de préstamos Signatura topográfica completa Código de barras Visto por última vez Precio de reemplazo Tipo de ítem Koha
        Biblioteca del Ateneo de Madrid Biblioteca del Ateneo de Madrid Depósito 2 17/01/2008     C-52525 1083649 23/02/2023 23/02/2023 Libro impreso